People and the state : an anthropology of planned development (Record no. 430172)

000 -LEADER
fixed length control field 00373cam a22001217a 4500
008 - FIXED-LENGTH DATA ELEMENTS--GENERAL INFORMATION
fixed length control field 180718b1984 xxu||||| |||| 00| 0 eng d
082 ## - DEWEY DECIMAL CLASSIFICATION NUMBER
Classification number TOOO R545
100 ## - MAIN ENTRY--PERSONAL NAME
Personal name Robertson, A.F.
245 ## - TITLE STATEMENT
Title People and the state : an anthropology of planned development
Statement of responsibility, etc. by A.F. Robertson
260 ## - PUBLICATION, DISTRIBUTION, ETC.
Place of publication, distribution, etc. London
Name of publisher, distributor, etc. Cambridge University Press
Date of publication, distribution, etc. 1984
300 ## - PHYSICAL DESCRIPTION
Extent xiii,332p.
650 ## - SUBJECT ADDED ENTRY--TOPICAL TERM
Topical term or geographic name entry element Planning
Holdings
Withdrawn status Lost status Damaged status Not for loan Permanent Location Current Location Date acquired Full call number Barcode Date last seen Price effective from Koha item type
        Indian Institute of Public Administration Indian Institute of Public Administration 2010-01-07 TOOO R545 60835 2018-07-21 2018-07-21 Book

Powered by Koha